1917 1660 1178 1192 1388 1954 1881 1881 1115 1472 1530 1089 1237 1930 1446 1503 1856 1189 1666 1462 1587 1739 1489 1452 1992 1554 1671 1185 1876 1072 1900 1685 1737 1790 1255 1457 1668 1310 1816 1761 1686 1328 1959 1265 1627 1155 1912 1281 1716 1051 1322 1813 1705 1146 1885 1327 1222 1928 1167 1014 1529 1320 1010 1088 1672 1697 1648 1983 1633 1873 1035 1089 1855 1438 1208 1817 1622 1178 1738 1358 1406 1402 1565 1407 1513 1717 1480 1807 1822 1357 1697 1768 1310 1951 1213 1457 1364 1674 1244 BCNSPRNW ULIB Ver.6.0+V

เปลี่ยนเป็นภาษาไทย

Change to English
 แสดงรายละเอียดบรรณานุกรม
  กลับหน้าหลัก

Brief Record : Get Marc (ISO 2709) : E-mail record : QR code < ปิดหน้าต่าง
LEADER : 00000nam a2200000Ia 4500
001    13399126891
003     ULIB
008    190604s2562 th a 000 0 tha d
020    ^a9786163983718
040    ^anss
060 04 ^aWY18.2^bน133ก
100 0  ^aนงค์คราญ วิเศษกุล
245 10 ^aการพัฒนาสื่อการเรียนการสอนทางการพยาบาล :^bแนวคิดและการประยุกต์ใช้ /^cนงค์คราญ วิเศษกุล
250    ^aพิมพ์ครั้งที่ 1
260    ^aเชียงใหม่ :^bคณะพยาบาลศาสตร์ มหาวิทยาลัยเชียงใหม่,^c2562
300    ^a124 หน้า :^bภาพประกอบ ;^c25 ซม.
650  4 ^aการพยาบาล^xการสอนด้วยสื่อ
650  4 ^aเทคโนโลยีทางการศึกษา
650  4 ^aโสตทัศนวัสดุ
710 2  ^aมหาวิทยาลัยเชียงใหม่.^bคณะพยาบาลศาสตร์
945    ^p150^l0^i27515
945    ^p150^l0^i27514
945    ^p150^l0^i27512
945    ^p150^l0^i27511
945    ^p150^l0^i27513
945    ^p150^l0^i28089
945    ^p150^l0^i28090
945    ^p150^l0^i28091
945    ^p150^l0^i28092
945    ^p150^l0^i28093
945    ^p150^l0^i28094
995    ^aกัณชพร จุลอักษร
999    ^aกัณชพร
รายการนี้ยังไม่มีแท็ก
คุณยังไม่ได้ล็อกอิน คุณสามารถมีกิจกรรมร่วมกับเว็บไซต์ได้ แต่ต้องล็อกอินก่อน ::
  ล็อกอิน

รายการสื่อสารสนเทศ

ลำดับที่ ประเภท เลขเรียก/บาร์โค้ด สถานที่ สถานะ
1. หนังสือสำรอง
หนังสือสำรอง
WY18.2 น133ก ฉ.1 
  Barcode: 27511
ห้องสมุดวิทยาเขตนครสวรรค์
►หนังสือทั่วไป:l:General Books
บนชั้น
2. วิทยาศาสตร์การแพทย์ และสุขภาพ
วิทยาศาสตร์การแพทย์ และสุขภาพ
WY18.2 น133ก ฉ.10 
  Barcode: 28093
ห้องสมุดวิทยาเขตนครสวรรค์
►หนังสือทั่วไป:l:General Books
บนชั้น
3. วิทยาศาสตร์การแพทย์ และสุขภาพ
วิทยาศาสตร์การแพทย์ และสุขภาพ
WY18.2 น133ก ฉ.11 
  Barcode: 28094
ห้องสมุดวิทยาเขตนครสวรรค์
►หนังสือทั่วไป:l:General Books
บนชั้น
4. วิทยาศาสตร์การแพทย์ และสุขภาพ
วิทยาศาสตร์การแพทย์ และสุขภาพ
WY18.2 น133ก ฉ.2 
  Barcode: 27512
ห้องสมุดวิทยาเขตนครสวรรค์
►หนังสือทั่วไป:l:General Books
บนชั้น
5. วิทยาศาสตร์การแพทย์ และสุขภาพ
วิทยาศาสตร์การแพทย์ และสุขภาพ
WY18.2 น133ก ฉ.3 
  Barcode: 27513
ห้องสมุดวิทยาเขตนครสวรรค์
►หนังสือทั่วไป:l:General Books
บนชั้น
6. วิทยาศาสตร์การแพทย์ และสุขภาพ
วิทยาศาสตร์การแพทย์ และสุขภาพ
WY18.2 น133ก ฉ.4 
  Barcode: 27514
ห้องสมุดวิทยาเขตนครสวรรค์
►หนังสือทั่วไป:l:General Books
บนชั้น
7. วิทยาศาสตร์การแพทย์ และสุขภาพ
วิทยาศาสตร์การแพทย์ และสุขภาพ
WY18.2 น133ก ฉ.5 
  Barcode: 27515
ห้องสมุดวิทยาเขตนครสวรรค์
►หนังสือทั่วไป:l:General Books
บนชั้น
8. วิทยาศาสตร์การแพทย์ และสุขภาพ
วิทยาศาสตร์การแพทย์ และสุขภาพ
WY18.2 น133ก ฉ.6 
  Barcode: 28089
ห้องสมุดวิทยาเขตนครสวรรค์
►หนังสือทั่วไป:l:General Books
บนชั้น
9. วิทยาศาสตร์การแพทย์ และสุขภาพ
วิทยาศาสตร์การแพทย์ และสุขภาพ
WY18.2 น133ก ฉ.7 
  Barcode: 28090
ห้องสมุดวิทยาเขตนครสวรรค์
►หนังสือทั่วไป:l:General Books
บนชั้น
10. วิทยาศาสตร์การแพทย์ และสุขภาพ
วิทยาศาสตร์การแพทย์ และสุขภาพ
WY18.2 น133ก ฉ.8 
  Barcode: 28091
ห้องสมุดวิทยาเขตนครสวรรค์
►หนังสือทั่วไป:l:General Books
บนชั้น
11. วิทยาศาสตร์การแพทย์ และสุขภาพ
วิทยาศาสตร์การแพทย์ และสุขภาพ
WY18.2 น133ก ฉ.9 
  Barcode: 28092
ห้องสมุดวิทยาเขตนครสวรรค์
►หนังสือทั่วไป:l:General Books
บนชั้น

รายการใกล้เคียง
    ผู้แต่ง [นงค์คราญ วิเศษกุล]

    หัวเรื่อง [เทคโนโลยีทางการศึกษา]
    หัวเรื่อง [โสตทัศนวัสดุ]

BibComment


ยังไม่เคยถูกคอมเมนท์

คอมเมนท์ทรัพยากรรายการนี้
  คอมเมนท์: การพัฒนาสื่อการเ..


 Copyright 2026. Bcnsprnw @Library